Vedecké práce Výskumného ústavu lúk a pasienkov v Banskej Bystrici
| Predchádzajúci názov: | Sborník vedeckých prác Výskumného ústavu lúk a pasienkov v Poprade |
|---|---|
| Médium: | Seriál |
| Jazyk: | slovenčina |
| PhysicalDescription: | 20 zv. 23 cm |
| Vydavateľské údaje: |
Bratislava
Ústav vedecko-technických informácií MPLVH Slovenské vydavateľstvo pôdohospodárskej literatúry
1965-1991
Bratislava Slovenská poľnohospodárska akadémia Príroda Bratislava Banská Bystrica Príroda Výskumný ústav lúk a pasienkov |
| ISBN: | 8007000968 (brož. : 20/1989) 8007004815 (brož. : 21/1991) |
| ISSN: | 0375-4928 0554-6850 |
| Predmet: |
MARC
| LEADER | 00000cas a22000002a 4500 | ||
|---|---|---|---|
| 001 | vtls008333945 | ||
| 003 | SK-MaSNL | ||
| 005 | 20260228155826.0 | ||
| 008 | 181128d19651991xo x| 000 b0slo | ||
| 015 | |a SKSNBA1965/10-02337 (2/1965) |a SNBA1977-(11/1976) | ||
| 020 | |a 8007000968 (brož. : 20/1989) | ||
| 020 | |a 8007004815 (brož. : 21/1991) | ||
| 022 | |a 0375-4928 | ||
| 035 | |a SK01SNK19650026162 | ||
| 035 | |a SKM000028625 | ||
| 040 | |a SNK |b slo |c SNK |e AACR2 | ||
| 041 | 0 | |a slo |b eng |b ger |b rus | |
| 044 | |a xo |c SK | ||
| 072 | 7 | |a 633 |x Rastlinná výroba |2 konspekt | |
| 080 | |a 050 |2 2011 | ||
| 080 | |a 633.2 |2 2001 | ||
| 080 | |a 633/635 |2 2001 | ||
| 080 | |a (082) |2 2011 | ||
| 210 | 0 | |a Ved. pr. Výsk. úst. lúk pasienkov Banskej Bystrici | |
| 222 | 0 | |a Vedecké práce Výskumného ústavu lúk a pasienkov v Banskej Bystrici | |
| 245 | 0 | 0 | |a Vedecké práce Výskumného ústavu lúk a pasienkov v Banskej Bystrici |
| 260 | |a Bratislava |b Ústav vedecko-technických informácií MPLVH |b Slovenské vydavateľstvo pôdohospodárskej literatúry |c 1965-1991 | ||
| 260 | 2 | |3 5/1971-? |a Bratislava |b Slovenská poľnohospodárska akadémia |b Príroda | |
| 260 | 3 | |3 ?-21/1991 |a Bratislava |b Príroda |a Banská Bystrica |b Výskumný ústav lúk a pasienkov | |
| 300 | |a 20 zv. |c 23 cm | ||
| 310 | |a Periodicita nie je známa | ||
| 362 | 0 | |a Č. 2 (1965)-č. 21 (1991) | |
| 500 | |a Zodp. red.: 2/1965-4/1968, Oľga Rosínska ; 5/1971-21/1991, Alena Čapková ; 20/1989, Tatiana Šnírerová | ||
| 504 | |a Bibliogr. odkazy; pozn. | ||
| 546 | |a Res. angl., nem. a rus. | ||
| 550 | |a Vydal Výskumný ústav lúk a pasienkov v Banskej Bystrici vo vydavateľstve Príroda v Bratislave | ||
| 650 | 0 | 7 | |a pasienky |2 SNKPH |9 15081 |
| 650 | 0 | 7 | |a lúky |2 SNKPH |9 3676 |
| 650 | 0 | 7 | |a Pastures |2 SNKPHeng |9 265402 |
| 650 | 0 | 7 | |a Meadows |2 SNKPHeng |9 265403 |
| 655 | 7 | |a zborníky |2 SNKPH |9 70165 | |
| 655 | 7 | |a Papers of several authors |2 SNKPHeng |9 153738 | |
| 700 | 1 | |a Rosinská, Oľga |4 lso |9 265404 | |
| 700 | 1 | |a Čapková, Alena |4 lso |9 43247 | |
| 700 | 1 | |a Šnírerová, Tatiana, |d 1950- |4 lso |9 37200 | |
| 710 | 2 | |a Výskumný ústav lúk a pasienkov (Banská Bystrica, Slovensko) |4 pbl |9 82385 | |
| 780 | 0 | 0 | |t Sborník vedeckých prác Výskumného ústavu lúk a pasienkov v Poprade |x 0554-6850 |w vtls008319550 |
| 910 | |a snk | ||
| 916 | |a 1965-1973, 1976-1979, 1981-1991, 1980 | ||
| 919 | |a 80-07-00096-8 | ||
| 919 | |a 80-07-00481-5 | ||
| 958 | |a NB | ||
| 999 | |c 685 |d 685 | ||
| 952 | |0 0 |1 0 |4 0 |7 0 |a SNK |b SNK |d 2015-05-18 |f 1 |i snkKSP 132/69 |l 0 |o snkČSC 1137/4/1968 |p 17A0814098 |r 2026-02-21 20:26:49 |w 2026-02-21 |y PREZ | ||
| 952 | |0 0 |1 0 |4 0 |7 0 |a SNK |b SNK |d 2015-05-18 |f 1 |i snkKSP 122/77 |l 0 |o snkČSC 1137/11/1976 |p 17A0814104 |r 2026-02-21 20:27:10 |w 2026-02-21 |y PREZ | ||
| 952 | |0 0 |1 0 |4 0 |7 0 |8 1 |a SNK |b SNK |d 2018-03-27 |f 1 |i snk2018/7266 |l 0 |o snkČSC 1137/15/1980 |p 17A1268574 |r 2026-02-21 20:38:24 |w 2026-02-21 |y PREZ |z Vydané v r. 1981 | ||
| 952 | |0 0 |1 0 |4 0 |7 0 |8 1 |a SNK |b SNK |d 2007-11-06 |i snk2007/23808 |l 0 |o snkČSC 1137/12/1977 D1 |p 17A0563174 |r 2026-02-21 21:22:21 |w 2026-02-21 |y PREZ | ||
| 952 | |0 0 |1 0 |4 0 |7 0 |a SNK |b SNK |d 2015-05-18 |f 1 |i snkKSP 7875/73 |l 0 |o snkČSC 1137/9/1973 |p 17A0814103 |r 2026-02-21 21:26:03 |w 2026-02-21 |y PREZ | ||
| 952 | |0 0 |1 0 |4 0 |7 0 |a SNK |b SNK |d 2015-05-18 |f 1 |i snkF 1828/89 |l 0 |o snkČSC 1137/12/1977 |p 17A0814105 |r 2026-02-21 21:26:03 |w 2026-02-21 |y PREZ | ||
| 952 | |0 0 |1 0 |4 0 |7 0 |a SNK |b SNK |d 2015-05-18 |f 1 |i snkKSP 4860/65 |l 0 |o snkČSC 1137/2/1965 |p 17A0814096 |r 2026-02-21 21:26:08 |w 2026-02-21 |y PREZ | ||
| 952 | |0 0 |1 0 |4 0 |7 0 |a SNK |b SNK |d 2015-05-18 |f 1 |i snkKSP 5474/67 |l 0 |o snkČSC 1137/3/1967 |p 17A0814097 |r 2026-02-21 21:26:09 |w 2026-02-21 |y PREZ | ||
| 952 | |0 0 |1 0 |4 0 |7 0 |a SNK |b SNK |d 2015-05-18 |f 1 |i snkKSP 2447/71 |l 0 |o snkČSC 1137/5/1971 |p 17A0814099 |r 2026-02-21 21:34:19 |w 2026-02-21 |y PREZ | ||
| 952 | |0 0 |1 0 |4 0 |7 0 |a SNK |b SNK |d 2015-05-18 |f 1 |i snkKSP 6892/71 |l 0 |o snkČSC 1137/6/1971 |p 17A0814100 |r 2026-02-21 21:34:23 |w 2026-02-21 |y PREZ | ||
| 952 | |0 0 |1 0 |4 0 |7 0 |a SNK |b SNK |d 2015-05-18 |f 1 |i snkKSP 2546/72 |l 0 |o snkČSC 1137/7/1972 |p 17A0814101 |r 2026-02-21 21:34:24 |w 2026-02-21 |y PREZ | ||
| 952 | |0 0 |1 0 |4 0 |7 0 |a SNK |b SNK |d 2015-05-18 |f 1 |i snkKSP 346/73 |l 0 |o snkČSC 1137/8/1972 |p 17A0814102 |r 2026-02-21 21:34:24 |w 2026-02-21 |y PREZ | ||
| 952 | |0 0 |1 0 |4 0 |7 0 |a SNK |b SNK |d 2015-05-21 |i snkKSP 10448/81 |l 0 |o snkČSC 1137/16/1981 D1 |p 17A1144556 |r 2026-02-21 21:34:32 |w 2026-02-21 |y PREZ | ||
| 952 | |0 0 |1 0 |4 0 |7 0 |a SNK |b SNK |d 2015-05-21 |i snkKSP 9289/83 |l 0 |o snkČSC 1137/17/1983 D1 |p 17A1144557 |r 2026-02-21 21:34:32 |w 2026-02-21 |y PREZ | ||
| 952 | |0 0 |1 0 |4 0 |7 0 |a SNK |b SNK |d 2015-05-21 |i snkKSP 8964/86 |l 0 |o snkČSC 1137/18/1986 D1 |p 17A1144558 |r 2026-02-21 21:34:32 |w 2026-02-21 |y PREZ | ||
| 952 | |0 0 |1 0 |4 0 |7 0 |a SNK |b SNK |d 2015-05-21 |i snkKSP 4949/88 |l 0 |o snkČSC 1137/19/1988 D1 |p 17A1144559 |r 2026-02-21 21:34:32 |w 2026-02-21 |y PREZ | ||
| 952 | |0 0 |1 0 |4 0 |7 0 |a SNK |b SNK |d 2015-05-21 |i snkKSP 2194/90 |l 0 |o snkČSC 1137/20/1989 D1 |p 17A1144560 |r 2026-02-21 21:34:32 |w 2026-02-21 |y PREZ | ||
| 952 | |0 0 |1 0 |4 0 |7 0 |a SNK |b SNK |d 2015-05-21 |i snkKSP 903/92 |l 0 |o snkČSC 1137/21/1991 D1 |p 17A1144561 |r 2026-02-21 21:34:32 |w 2026-02-21 |y PREZ | ||
| 952 | |0 0 |1 0 |4 0 |7 0 |a SNK |b SNK |d 2015-05-21 |f 1 |i snkKSP 10447/81 |l 0 |o snkČSC 1137/16/1981 |p 17A0814290 |r 2026-02-21 21:34:56 |w 2026-02-21 |y PREZ | ||
| 952 | |0 0 |1 0 |4 0 |7 0 |a SNK |b SNK |d 2015-05-21 |f 1 |i snkKSP 9288/83 |l 0 |o snkČSC 1137/17/1983 |p 17A0814291 |r 2026-02-21 21:34:56 |w 2026-02-21 |y PREZ | ||
| 952 | |0 0 |1 0 |4 0 |7 0 |a SNK |b SNK |d 2015-05-21 |f 1 |i snkKSP 8963/86 |l 0 |o snkČSC 1137/18/1986 |p 17A0814292 |r 2026-02-21 21:34:56 |w 2026-02-21 |y PREZ | ||
| 952 | |0 0 |1 0 |4 0 |7 0 |a SNK |b SNK |d 2015-05-21 |f 1 |i snkKSP 4948/88 |l 0 |o snkČSC 1137/19/1988 |p 17A0814293 |r 2026-02-21 21:34:56 |w 2026-02-21 |y PREZ | ||
| 952 | |0 0 |1 0 |4 0 |7 0 |a SNK |b SNK |d 2015-05-21 |f 1 |i snkKSP 2193/90 |l 0 |o snkČSC 1137/20/1989 |p 17A0814294 |r 2026-02-21 21:34:56 |w 2026-02-21 |y PREZ | ||
| 952 | |0 0 |1 0 |4 0 |7 0 |a SNK |b SNK |d 2015-05-21 |f 1 |i snkKSP 902/92 |l 0 |o snkČSC 1137/21/1991 |p 17A0814338 |r 2026-02-21 21:34:56 |w 2026-02-21 |y PREZ | ||
| 952 | |0 0 |1 0 |4 0 |7 0 |a SNK |b SNK |d 2015-05-18 |f 1 |i snkKSP 3349/79 |l 0 |o snkČSC 1137/13/1979 |p 17A0814106 |r 2026-02-21 21:34:58 |w 2026-02-21 |y PREZ | ||
| 952 | |0 0 |1 0 |4 0 |7 0 |a SNK |b SNK |d 2015-05-18 |f 1 |i snkKSP 523/80 |l 0 |o snkČSC 1137/14/1979 |p 17A0814107 |r 2026-02-21 21:34:58 |w 2026-02-21 |y PREZ | ||


